000 00302nam a22001217a 4500
082 _a324.245408 KRU
100 _aKruizinga, H.
245 _aHyderabad: Communal Violence
260 _aHyderabad
_bHenry Martyn Institute
_c2008
300 _a63
650 _aHyderabad Communal Violence
942 _cRRB
999 _c20384
_d20384